Kanye Songs by first 5 words - Statistics

General Stats
  • This quiz has been taken 230 times
  • The average score is 12 of 21
Answer Stats
Hint Answer % Correct
In the night i hear Heartless
87%
And You Say Chi’ City Homecoming
82%
I miss the old Kanye I love Kanye
79%
******’s is savage, ******’s is Violent Crimes
75%
N-now-now that, that dont kill Stronger
74%
She don’t believe in shooting Flashing Lights
73%
someday we gon’ set it Ghost town
73%
I’ve been, working this graveshift Spaceship
66%
I find pictures in my Runaway
58%
I know it’s past visiting Roses
55%
I love it though. I Devil in a New Dress
54%
We at war We at Jesus Walks
54%
Gossip, Gossip, ****** Just stop Monster
51%
Yo, Gee, They can’t stop Through the Wire
49%
All them other ****** lame, Bound 2
44%
Yes i did, so i Champion
39%
I’ve been waiting on this I wonder
39%
I’m up in the woods Lost in the World
35%
I’m not loving you, way Love Lockdown
33%
This the real one baby All Falls Down
29%
I just want to feel Father Stretch My Hands Pt 1
8%
No matching quizzes found
Score Distribution
Percent of People with Each Score
Percentile by Number Answered
Your Score History
You have not taken this quiz